| 000 | 01311nam a2200361Ia 4500 | ||
|---|---|---|---|
| 001 | ebr10693765 | ||
| 003 | CaPaEBR | ||
| 006 | m u | ||
| 007 | cr cn||||||||| | ||
| 008 | 130315s2013 nyu sb 001 0 eng d | ||
| 010 | _z 2012050167 | ||
| 020 | _z0823251586 (cloth : alk. paper) | ||
| 020 | _z9780823251582 (cloth : alk. paper) | ||
| 040 |
_aCaPaEBR _cCaPaEBR |
||
| 035 | _a(OCoLC)847005632 | ||
| 050 | 1 | 4 |
_aBL51 _b.P5533 2013eb |
| 082 | 0 | 4 |
_a210 _223 |
| 100 | 1 | _aPihlstrom, Sami. | |
| 245 | 1 | 0 |
_aPragmatic pluralism and the problem of God _h[electronic resource] / _cSami Pihlstrom. |
| 250 | _a1st ed. | ||
| 260 |
_aNew York : _bFordham University Press, _c2013. |
||
| 300 | _axii, 245 p. | ||
| 490 | 1 | _aAmerican philosophy | |
| 504 | _aIncludes bibliographical references and index. | ||
| 533 |
_aElectronic reproduction. _bPalo Alto, Calif. : _cebrary, _d2013. _nAvailable via World Wide Web. _nAccess may be limited to ebrary affiliated libraries. |
||
| 650 | 0 |
_aReligion _xPhilosophy. |
|
| 650 | 0 | _aPragmatism. | |
| 650 | 0 | _aGod. | |
| 655 | 7 |
_aElectronic books. _2local |
|
| 710 | 2 | _aebrary, Inc. | |
| 830 | 0 | _aAmerican philosophy series. | |
| 856 | 4 | 0 |
_uhttp://site.ebrary.com/lib/rucke/Doc?id=10693765 _zAn electronic book accessible through the World Wide Web; click to view |
| 999 |
_c9614 _d9614 |
||